00313nam a2200097Ia 4500008004100000041000800041100002400049245009200073260003100165999001900196241105s9999 xx 000 0 und d aeng aApte Rasika9184139 aPost Occupancy Evaluation Of Green Certified And Conventional Factory Buildings In Pune bBNCA M Arch EA, Punec2020 c361980d361980